000 00459 a2200181 4500
001 002327
003 OSt
005 20220113163234.0
008
082 _a512.7
_bM73F
100 1 _aMollin, Richard A.
245 1 _aFundamental number theory with application
_cby Richard A. Mollin
250 _a2nd ed.
260 _aNew York
_bChapman and Hall
_c2008
300 _a369p.
653 _aNumber Theory
942 _2ddc
_cBK
999 _c72
_d72